000 00639cam a2200205 a 4500
003 OSt
005 20260129112515.0
008 820714s1983 maua b 001 0 eng
020 _a0201066726
040 _aKABLIB
_cKABLIB
_beng.
_erda
082 0 0 _a519.4
_223
_bSED
100 1 _aSedgewick, Robert,
_d1946-
_914869
245 1 0 _aAlgorithms /
_cRobert Sedgewick.
260 _aReading, Mass. :
_bAddison-Wesley,
_cc1983.
300 _aviii, 551 p. ;
_bill. ;
_c25 cm.
440 0 _aAddison-Wesley series in computer science
_914870
504 _aIncludes bibliographies and index.
650 0 _aComputer algorithms.
_914871
942 _2ddc
_cBOOK
999 _c5895
_d5895